Oplodnenie in vitro u živočíchov

Podrobná bibliografia
Hlavný autor: Makarevič, Alexander (Autor)
Médium: Kniha
Jazyk:slovenčina
Fyzický popis:175 s. fotogr., ilustr. 25 cm
Vydavateľské údaje: Nitra Slovenská poľnohospodárska univerzita 2017
ISBN:9788055216249
Vydanie:1. vyd.
Predmet:

MARC

LEADER 00000cam a2200000 a 4500
001 vtls011636193
003 SK-MaSNL
005 20260301221745.0
008 240313s2017 xo oa g n 000 0 slo
015 |a SNBA2017/09 
020 |a 9788055216249  |q (viaz.) 
035 |a urn:nbn:sk:snk-am00cywv 
035 |a urn:nbn:sk:snk-am3hfwr 
035 |a 07E62683-29E7-433A-AE20-872002E2E571 
040 |a SNK  |b slo  |c SNK  |e AACR2 
041 0 |a slo  |b eng  |b rus 
044 |a xo  |c SK 
072 7 |a 591  |x Všeobecná zoológia  |2 konspekt 
080 |a 591.16  |2 2011 
080 |a 592/599  |2 2011 
080 |a 591.31  |2 2011 
080 |a (048.8)  |2 2011 
100 1 |a Makarevič, Alexander  |4 aut  |9 13036 
245 1 0 |a Oplodnenie in vitro u živočíchov  |c Alexander Makarevič a kolektív 
250 |a 1. vyd. 
260 |a Nitra  |b Slovenská poľnohospodárska univerzita  |c 2017 
300 |a 175 s.  |b fotogr., ilustr.  |c 25 cm 
366 |e 100 výtlačkov 
504 |a Bibliografické odkazy ; zoznam skratiek 
546 |a Anglické a ruské resumé 
650 0 7 |a rozmnožovanie živočíchov  |2 SNKPH  |9 73777 
650 0 7 |a Animal reproduction  |2 SNKPHeng  |9 331711 
650 0 7 |a živočíchy  |2 SNKPH  |9 1094 
650 0 7 |a Animals  |2 SNKPHeng  |9 267568 
650 0 7 |a oplodnenie  |2 SNKPH  |9 25332 
650 0 7 |a Fertilization (biology)  |2 SNKPHeng  |9 471704 
655 7 |a monografie  |2 SNKPH  |9 70139 
655 7 |a Monographs  |2 SNKPHeng  |9 120675 
852 |a Štátna vedecká knižnica v Banskej Bystrici 
919 |a 978-80-552-1624-9 
958 |a NB 
999 |c 937273  |d 939203 
952 |a SNK  |b SNK  |y PREZ  |7 0  |p 17A1269372  |o snkSC 175536  |i snk2017/16705  |8 0  |0 0  |1 0  |4 0  |d 2017-07-20  |f 1  |l 0  |r 2025-09-17 00:00:00  |w 2026-02-24 
952 |a SNK  |b SNK  |y VYP  |7 0  |p 17A1269373  |o snkSC 175536 D1  |i snk2017/16706  |8 0  |0 0  |1 0  |4 0  |d 2017-07-20  |l 0  |r 2026-02-24 09:07:42  |w 2026-02-24